000 00476nam a2200193Ia 4500
005 20250425161644.0
008 250425s9999 xx 000 0 und d
020 _a0906017480X
041 _aeng
082 _a621.38174
100 _aLINDSEY, DARRYL
245 0 _aTHE DESIGN AND DRAFTING OF PRINTED CIRCUITS
250 _a1ST ED.
260 _aCALIFORNIA CITY
260 _aEstados Unidos
_bBISHOP GRAPHICS
_c1979
300 _a196
942 _c01
010 _a25167
999 _c213429
_d213429